Detalles MARC
| 000 -CABECERA |
| campo de control de longitud fija |
00892nam a2200253 a 4500 |
| 001 - NÚMERO DE CONTROL |
| campo de control |
000018561 |
| 005 - FECHA Y HORA DE LA ÚLTIMA TRANSACCIÓN |
| campo de control |
20240503073630.0 |
| 008 - DATOS DE LONGITUD FIJA--INFORMACIÓN GENERAL |
| campo de control de longitud fija |
100511s1986 sp a 000 d spa d |
| 020 ## - NÚMERO INTERNACIONAL ESTÁNDAR DEL LIBRO |
| Número Internacional Estándar del Libro |
8420726583 |
| 040 ## - FUENTE DE LA CATALOGACIÓN |
| Centro catalogador/agencia de origen |
DO-SdBNP |
| Lengua de catalogación |
spa |
| Centro/agencia transcriptor |
BNPHU |
| 082 ## - NÚMERO DE LA CLASIFICACIÓN DECIMAL DEWEY |
| Número de clasificación |
862.3 |
| Número de documento/Ítem |
C419ca |
| 049 ## - FONDOS LOCALES (OCLC) |
| Fondos de biblioteca |
BNGR |
| 100 1# - ENTRADA PRINCIPAL--NOMBRE DE PERSONA |
| Nombre de persona |
Cervantes Saavedra, Miguel de, |
| Fechas asociadas al nombre |
1547-1616 |
| 9 (RLIN) |
3070 |
| 245 13 - MENCIÓN DE TÍTULO |
| Título |
El casamiento engañoso y el coloquio de los perros / |
| Mención de responsabilidad, etc. |
Miguel de Cervantes ; edición, introducción, notas, comentarios y apéndice de Ángel Basanta. |
| 260 ## - PUBLICACIÓN, DISTRIBUCIÓN, ETC. |
| Lugar de publicación, distribución, etc. |
Madrid : |
| Nombre del editor, distribuidor, etc. |
Anaya, |
| Fecha de publicación, distribución, etc. |
1986. |
| 300 ## - DESCRIPCIÓN FÍSICA |
| Extensión |
189, [3] p. : |
| Otras características físicas |
il. ; |
| Dimensiones |
19 cm. |
| 490 1# - MENCIÓN DE SERIE |
| Mención de serie |
Biblioteca didáctica Anaya |
| Designación de volumen o secuencia |
12 |
| 500 ## - NOTA GENERAL |
| Nota general |
Incluye notas al pie de las páginas |
| 650 #4 - PUNTO DE ACCESO ADICIONAL DE MATERIA--TÉRMINO DE MATERIA |
| Término de materia o nombre geográfico como elemento de entrada |
Teatro español |
| 9 (RLIN) |
3071 |
| 650 #4 - PUNTO DE ACCESO ADICIONAL DE MATERIA--TÉRMINO DE MATERIA |
| Término de materia o nombre geográfico como elemento de entrada |
Literatura española |
| 9 (RLIN) |
632 |
| 700 1# - PUNTO DE ACCESO ADICIONAL--NOMBRE DE PERSONA |
| Nombre de persona |
Basanta, Ángel, |
| Término indicativo de función/relación |
ed. |
| 9 (RLIN) |
29397 |
| 830 #0 - PUNTO DE ACCESO ADICIONAL DE SERIE-TÍTULO UNIFORME |
| Título uniforme |
Biblioteca didáctica Anaya ; |
| Designación de volumen o secuencia |
12 |
| 9 (RLIN) |
8965 |
| 910 ## - DATOS DE OPCIÓN DEL USUARIO (OCLC) |
| Datos de opción del usuario |
WM |